Länder mit den meisten Verkäufen von deutschen Autos - Statistiken

Allgemein
  • Dieses Quiz wurde 114 mal gespielt
  • Das Durchschnittsergebnis liegt bei 31 aus 35
Antwortstatistiken
Marke Platz Antwort % Korrekt
Volkswagen 3 USA
98%
Volkswagen 2 USA
98%
Mercedes-Benz 3 USA
98%
Mercedes-Benz 3 USA
98%
Porsche 2 USA
98%
Volkswagen 6 Frankreich
96%
Volkswagen 5 Frankreich
96%
Mercedes-Benz 6 Frankreich
96%
Mercedes-Benz 6 Frankreich
96%
Porsche 3 Frankreich
96%
Volkswagen 1 China
95%
Volkswagen 1 China
95%
Mercedes-Benz 1 China
95%
Mercedes-Benz 1 China
95%
Porsche 1 China
95%
Volkswagen 6 Italien
93%
Mercedes-Benz 5 Italien
93%
Porsche 4 Italien
93%
Volkswagen 2 Deutschland
89%
Volkswagen 3 Deutschland
89%
Mercedes-Benz 2 Deutschland
89%
Mercedes-Benz 2 Deutschland
89%
Porsche 4 Deutschland
89%
Porsche 1 Deutschland
89%
Porsche 5 Spanien
89%
Volkswagen 5 Großbritannien
86%
Volkswagen 4 Großbritannien
86%
Mercedes-Benz 4 Großbritannien
86%
Mercedes-Benz 4 Großbritannien
86%
Porsche 5 Großbritannien
86%
Porsche 2 Großbritannien
86%
Volkswagen 4 Brasilien
68%
Porsche 6 Österreich
64%
Mercedes-Benz 5 Südkorea
41%
Porsche 6 Südkorea
41%
Keine übereinstimmenden Quizze gefunden
Verteilung der Resultate
Anzahl Personen mit jedem Resultat
Perzentil nach korrekt beantworteten Fragen
Ihre Resultats-Entwicklung
Sie haben dieses Quiz noch nicht gespielt